000
00317nam a2200133Ia 4500
008
150201s2014 xx 000 0 und d
082
_a
617.643
_b
A2012M
100
_a
MELSEN , BIRTE
245
_a
ADULT ORTHODONTICS
250
_a
1ST
260
_b
JOHN WILLEY PUBLICATION
650
_a
ORTHODONTICS
942
_2
ddc
_c
BK
999
_c
4888
_d
4888